000 00205nam a2200085Ia 4500
008 120527s9999 xx 000 0 und d
100 _aKRSMANOVIC,Velibor.
245 _aMalignant cell secretion.
942 _cBK
999 _c23941
_d23941